101 Biggest Mistakes Managers Make and How to Avoid Them / (Record no. 2500)
[ view plain ]
| 000 -LEADER | |
|---|---|
| fixed length control field | 01024nac a22002411u 4500 |
| 008 - FIXED-LENGTH DATA ELEMENTS--GENERAL INFORMATION | |
| fixed length control field | 100922t xxu||||| |||| 00| 0 eng d |
| 010 ## - LIBRARY OF CONGRESS CONTROL NUMBER | |
| LC control number | 97199204 |
| 020 ## - INTERNATIONAL STANDARD BOOK NUMBER | |
| International Standard Book Number | 0132341883 |
| 020 ## - INTERNATIONAL STANDARD BOOK NUMBER | |
| International Standard Book Number | 0132341700 |
| 035 ## - SYSTEM CONTROL NUMBER | |
| System control number | (OCoLC)36454918 |
| 082 ## - DEWEY DECIMAL CLASSIFICATION NUMBER | |
| Classification number | 658.302 |
| Item number | ALB |
| 100 ## - MAIN ENTRY--PERSONAL NAME | |
| Personal name | Albright, Mary. |
| 9 (RLIN) | 19721 |
| 245 10 - TITLE STATEMENT | |
| Title | 101 Biggest Mistakes Managers Make and How to Avoid Them / |
| Statement of responsibility, etc | Mary Albright, Clay Carr |
| 246 3# - VARYING FORM OF TITLE | |
| Title proper/short title | One hundred one biggest mistakes managers make and how to avoid them |
| 246 3# - VARYING FORM OF TITLE | |
| Title proper/short title | One hundred and one biggest mistakes managers make and how to avoid them |
| 260 ## - PUBLICATION, DISTRIBUTION, ETC. (IMPRINT) | |
| Place of publication, distribution, etc | Englewood Cliffs, N.J. : |
| Name of publisher, distributor, etc | Prentice Hall, |
| Date of publication, distribution, etc | c1997. |
| 300 ## - PHYSICAL DESCRIPTION | |
| Extent | xii, 324 p. ; |
| Dimensions | 24 cm. |
| 500 ## - GENERAL NOTE | |
| General note | Includes index. |
| 650 #0 - SUBJECT ADDED ENTRY--TOPICAL TERM | |
| Topical term or geographic name as entry element | Supervision of employees. |
| 9 (RLIN) | 19722 |
| 700 1# - ADDED ENTRY--PERSONAL NAME | |
| Personal name | Carr, Clay, |
| Dates associated with a name | 1934- |
| 9 (RLIN) | 19723 |
| 942 ## - ADDED ENTRY ELEMENTS (KOHA) | |
| Item type | Book - Borrowing |
| Call number prefix | 658.302 ALB |
| Source of classification or shelving scheme | Dewey Decimal Classification |
| Withdrawn status | Item status | Source of classification or shelving scheme | Damaged status | Not for loan | Vendor | Home library | Current library | Shelving location | Date acquired | Source of acquisition | Total Checkouts | Total Renewals | Full call number | Barcode | Date last seen | Date last borrowed | Koha item type |
|---|---|---|---|---|---|---|---|---|---|---|---|---|---|---|---|---|---|
| Dewey Decimal Classification | Central Library | Central Library | First floor | 22/09/2010 | 6 | 10 | 658.302 ALB | 000001647 | 15/07/2025 | 31/10/2022 | Book - Borrowing |